000 00582nam a2200217Ia 4500
003 OSt
005 20221007081840.0
006 a|||||r|||| 00| 0
007 ta
008 221006b |||||||| |||| 00| 0 eng d
024 _a26,054
037 _cTextual
040 _aFLL
_cFLL
_beng
041 _2eng
_aeng
082 _aZ438r, F7
245 0 _aAdministration of civil justice in Burma
260 _aRangoon
_bSuperintendent, Govt. Printing and Stationery Burma
_c1927
300 _a1-19p
_ccm.
942 _hZ438r, F7
_cTEXL
_2CC
999 _c1164475
_d1164475